[Event "IECC M-4883"]
[Site "IECC email"]
[Date "2003.11.30"]
[Round "?"]
[White "Azzola, Orazio"]
[Black "Miskell, Steven"]
[Result "1-0"]
[WhiteElo "1226"]
[BlackElo "1140"]
[PlyCount "72"]
[EventDate "2003.??.??"]
[EventType "tourn (corr)"]
[EventRounds "10"]
[SourceTitle "Corr 2020"]
[Source "ChessBase"]
[SourceDate "2019.09.30"]
[SourceVersion "1"]
[SourceVersionDate "2019.09.30"]
[SourceQuality "1"]
[WhiteTeam "Italy"]
[BlackTeam "United States"]
[WhiteTeamCountry "ITA"]
[BlackTeamCountry "USA"]

1. d4 d5 2. c4 Nf6 3. cxd5 Nxd5 4. Nf3 Bf5 5. Nbd2 Nf6 6. e3 e6 7. Qb3 b6 8. Bc4 Be7 9. 0-0 h6 10. Rd1 Qd6 11. Bb5+ Nc6 12. Ne5 0-0 13. Bxc6 Rad8 14. Ndc4 Qb4 15. Qxb4 Bxb4 16. Bd2 Bxd2 17. Nxd2 a6 18. Bb7 c5 19. dxc5 bxc5 20. Nc6 Rde8 21. Bxa6 Ne4 22. a4 Nxd2 23. Rxd2 Be4 24. Rd6 Bxc6 25. Rxc6 Rd8 26. Rxc5 Rd6 27. Bb5 Rfd8 28. Rcc1 g5 29. b4 Rb6 30. Rc7 h5 31. Rc5 f6 32. a5 Rb7 33. a6 Ra7 34. Be2 h4 35. b5 f5 36. b6 Rh7 1-0

[Event "IECC M email"]
[Site "IECC email"]
[Date "2003.07.23"]
[Round "?"]
[White "Mottershead, Richard"]
[Black "Azzola, Orazio"]
[Result "0-1"]
[WhiteElo "1109"]
[BlackElo "1190"]
[PlyCount "107"]
[EventDate "2003.??.??"]
[EventType "tourn (corr)"]
[EventRounds "6"]
[SourceTitle "Corr 2008"]
[Source "ChessBase"]
[SourceDate "2008.06.24"]
[SourceVersion "1"]
[SourceVersionDate "2008.06.24"]
[SourceQuality "1"]

1. e4 e5 2. Nf3 Nf6 3. Nxe5 d6 4. Nf3 Nxe4 5. d4 Qe7 6. Be2 Bg4 7. Be3 Nd7 8. Nbd2 Ndf6 9. 0-0 Nxd2 10. Nxd2 Bxe2 11. Qxe2 Nd5 12. c3 Nxe3 13. Qxe3 Qxe3 14. fxe3 Be7 15. Nf3 Bf6 16. e4 h6 17. Rae1 0-0 18. g3 Rae8 19. h4 Re6 20. Rf2 Rfe8 21. Rfe2 a6 22. Kg2 Kf8 23. g4 d5 24. e5 Be7 25. Rf1 f6 26. Kh3 Kg8 27. Ref2 fxe5 28. Nxe5 c5 29. a3 cxd4 30. cxd4 Bf6 31. Rf5 Bxe5 32. dxe5 Rxe5 33. h5 Rxf5 34. Rxf5 Re3+ 35. Kh4 d4 36. g5 Re4+ 37. Kg3 hxg5 38. Rxg5 Kf7 39. Kf3 Re3+ 40. Kf2 Rb3 41. Rd5 Rxb2+ 42. Ke1 g6 43. Rd7+ Ke6 44. Rxd4 gxh5 45. Rh4 Rb5 46. Kd2 Rd5+ 47. Kc3 b5 48. Kb4 Kf6 49. a4 Kg5 50. Re4 h4 51. Ka5 h3 52. Kxa6 h2 53. Re1 bxa4 54. Rh1 0-1

[Event "IECC CL6-2003.14 email"]
[Site "IECC email"]
[Date "2003.06.27"]
[Round "?"]
[White "Azzola, Orazio"]
[Black "Hulse, David"]
[Result "0-1"]
[WhiteElo "1201"]
[BlackElo "1213"]
[PlyCount "32"]
[EventDate "2003.??.??"]
[EventType "tourn (corr)"]
[EventRounds "4"]
[SourceTitle "Corr 2008"]
[Source "ChessBase"]
[SourceDate "2008.06.24"]
[SourceVersion "1"]
[SourceVersionDate "2008.06.24"]
[SourceQuality "1"]

1. e4 c5 2. c3 e6 3. Bb5 a6 4. Ba4 b5 5. Bb3 c4 6. Bc2 Qg5 7. g3 Bb7 8. d3 Qg6 9. Qe2 cxd3 10. Bxd3 e5 11. Nf3 d6 12. 0-0 Be7 13. Bxb5+ axb5 14. Qxb5+ Bc6 15. Qe2 Bxe4 16. Nbd2 Bd3 0-1

[Event "IECC CL6-2003.14 email"]
[Site "IECC email"]
[Date "2003.06.27"]
[Round "?"]
[White "Bieker, Peter"]
[Black "Azzola, Orazio"]
[Result "1-0"]
[WhiteElo "1359"]
[BlackElo "1185"]
[PlyCount "45"]
[EventDate "2003.??.??"]
[EventType "tourn (corr)"]
[EventRounds "4"]
[SourceTitle "Corr 2008"]
[Source "ChessBase"]
[SourceDate "2008.06.24"]
[SourceVersion "1"]
[SourceVersionDate "2008.06.24"]
[SourceQuality "1"]

1. d4 c5 2. d5 g6 3. e4 Bg7 4. Nf3 d6 5. Bb5+ Bd7 6. a4 Bxb5 7. axb5 Nf6 8. e5 Ng4 9. e6 Qc8 10. exf7+ Kxf7 11. Ng5+ Kg8 12. Ne6 Ne5 13. 0-0 Bf6 14. Nc3 Nbd7 15. Re1 Nf8 16. Ne4 Nxe6 17. Nxf6+ exf6 18. dxe6 Qxe6 19. f4 Kg7 20. fxe5 dxe5 21. Be3 Rad8 22. Qf3 Qe7 23. Rxa7 1-0

[Event "IECC O email"]
[Site "IECC email"]
[Date "2003.02.05"]
[Round "?"]
[White "Michael, Holger"]
[Black "Azzola, Orazio"]
[Result "1-0"]
[WhiteElo "1380"]
[BlackElo "1243"]
[PlyCount "45"]
[EventDate "2003.??.??"]
[EventType "tourn (corr)"]
[EventRounds "6"]
[SourceTitle "Corr 2008"]
[Source "ChessBase"]
[SourceDate "2008.06.24"]
[SourceVersion "1"]
[SourceVersionDate "2008.06.24"]
[SourceQuality "1"]

1. e4 e5 2. Nf3 Nc6 3. Bb5 Nf6 4. 0-0 d6 5. Nc3 Bg4 6. h3 Bh5 7. d3 Be7 8. Bxc6+ bxc6 9. Be3 Rg8 10. d4 exd4 11. Bxd4 c5 12. Be3 Rb8 13. Rb1 h6 14. Re1 g5 15. Nd5 g4 16. Nd2 gxh3 17. Nxf6+ Bxf6 18. Qxh5 Rxg2+ 19. Kh1 Rxb2 20. Rxb2 Bxb2 21. Qxh3 Rg6 22. Bxh6 Qf6 23. Qc8+ 1-0

[Event "IECC CL6-2002.34"]
[Site "IECC email"]
[Date "2002.11.19"]
[Round "?"]
[White "Azzola, Orazio"]
[Black "Bottoni, Carlo"]
[Result "0-1"]
[WhiteElo "1305"]
[BlackElo "1046"]
[PlyCount "54"]
[EventDate "2002.??.??"]
[EventType "tourn (corr)"]
[EventRounds "4"]
[SourceTitle "Corr 2008"]
[Source "ChessBase"]
[SourceDate "2008.06.24"]
[SourceVersion "1"]
[SourceVersionDate "2008.06.24"]
[SourceQuality "1"]

1. d4 d5 2. c4 dxc4 3. e4 b5 4. a4 c6 5. Nc3 Qa5 6. Bd2 Qb6 7. axb5 cxb5 8. Be3 e6 9. Qh5 a6 10. Nxb5 Bb7 11. Bxc4 Nf6 12. Qe5 axb5 13. Rxa8 Bxa8 14. d5 Qb7 15. Ba2 Nbd7 16. Qd4 exd5 17. Bxd5 Nxd5 18. exd5 Qxd5 19. Qxd5 Bxd5 20. f3 Ne5 21. Bd4 Nd3+ 22. Ke2 Bc4 23. Ke3 Ne1 24. Kf2 Nd3+ 25. Ke3 Nb4 26. Kd2 Nc6 27. Bf2 Bf1 0-1

[Event "IECC KO email"]
[Site "IECC email"]
[Date "2002.06.05"]
[Round "?"]
[White "Azzola, Orazio"]
[Black "Tavani, Alberto"]
[Result "0-1"]
[WhiteElo "1348"]
[BlackElo "1444"]
[PlyCount "68"]
[EventDate "2002.??.??"]
[EventType "tourn (corr)"]
[EventRounds "6"]
[SourceTitle "Corr 2008"]
[Source "ChessBase"]
[SourceDate "2008.06.24"]
[SourceVersion "1"]
[SourceVersionDate "2008.06.24"]
[SourceQuality "1"]

1. e4 c5 2. Nf3 d6 3. c3 Nf6 4. Bc4 e6 5. Qe2 Nc6 6. d4 cxd4 7. Nxd4 d5 8. exd5 Nxd4 9. cxd4 Nxd5 10. 0-0 Nb6 11. Bb5+ Bd7 12. Nc3 Bxb5 13. Qxb5+ Qd7 14. Qxd7+ Kxd7 15. b3 Rc8 16. Bb2 Bb4 17. Rac1 Bxc3 18. Rxc3 Rxc3 19. Bxc3 Rc8 20. Rc1 Nd5 21. Bd2 Rxc1+ 22. Bxc1 Nc3 23. Kf1 Nxa2 24. Bd2 Kc6 25. Ke2 Kb5 26. h3 a5 27. Bf4 Kb4 28. Bd2+ Kxb3 29. Bxa5 b5 30. Kd3 b4 31. g4 Nc3 32. f4 Ka4 33. Bc7 b3 34. Kxc3 Ka3 0-1

[Event "IECC CL6-2002.17"]
[Site "IECC email"]
[Date "2002.05.20"]
[Round "?"]
[White "Azzola, Orazio"]
[Black "McCarthy, Michael"]
[Result "0-1"]
[WhiteElo "1379"]
[BlackElo "1333"]
[PlyCount "30"]
[EventDate "2002.??.??"]
[EventType "tourn (corr)"]
[EventRounds "4"]
[SourceTitle "Corr 2008"]
[Source "ChessBase"]
[SourceDate "2008.06.24"]
[SourceVersion "1"]
[SourceVersionDate "2008.06.24"]
[SourceQuality "1"]

1. e4 d6 2. d4 Nf6 3. Nc3 g6 4. Nf3 Bg7 5. Be3 0-0 6. Be2 Nbd7 7. 0-0 c5 8. Qd2 Qb6 9. b3 Re8 10. Bc4 Ng4 11. Nd5 Qd8 12. Bg5 cxd4 13. Nxd4 Ndf6 14. Bb5 Nxe4 15. Qe3 Nxe3 0-1

[Event "IECC M email"]
[Site "IECC email"]
[Date "2002.01.13"]
[Round "?"]
[White "Flores, Pablo"]
[Black "Azzola, Orazio"]
[Result "1-0"]
[WhiteElo "1452"]
[BlackElo "1383"]
[PlyCount "29"]
[EventDate "2002.??.??"]
[EventType "tourn (corr)"]
[EventRounds "6"]
[SourceTitle "Corr 2008"]
[Source "ChessBase"]
[SourceDate "2008.06.24"]
[SourceVersion "1"]
[SourceVersionDate "2008.06.24"]
[SourceQuality "1"]

1. e4 e5 2. f4 d6 3. Nf3 Be6 4. f5 Bd7 5. Bc4 h6 6. Nc3 Nf6 7. d3 Nc6 8. 0-0 Qe7 9. b4 g6 10. fxg6 fxg6 11. Nh4 Qg7 12. Nd5 Nxd5 13. Bxd5 0-0-0 14. Rf7 Be7 15. Rxg7 1-0

[Event "IECC Swiss email"]
[Site "IECC email"]
[Date "2002.01.13"]
[Round "?"]
[White "Stanley, Bob"]
[Black "Azzola, Orazio"]
[Result "1-0"]
[WhiteElo "1887"]
[BlackElo "1326"]
[PlyCount "25"]
[EventDate "2002.??.??"]
[EventType "tourn (corr)"]
[EventRounds "6"]
[SourceTitle "Corr 2008"]
[Source "ChessBase"]
[SourceDate "2008.06.24"]
[SourceVersion "1"]
[SourceVersionDate "2008.06.24"]
[SourceQuality "1"]

1. e4 e5 2. f4 d6 3. Nf3 Bg4 4. Bc4 Nf6 5. fxe5 dxe5 6. Bxf7+ Kxf7 7. Nxe5+ Ke8 8. Nxg4 Nxe4 9. 0-0 Bc5+ 10. Kh1 Ng5 11. d4 Be7 12. Ne5 Nd7 13. Qh5+ 1-0

[Event "IECC CL6-2001.35"]
[Site "IECC email"]
[Date "2001.12.05"]
[Round "?"]
[White "Azzola, Orazio"]
[Black "Vlaar, Nick T"]
[Result "0-1"]
[WhiteElo "1339"]
[BlackElo "1325"]
[PlyCount "40"]
[EventDate "2001.??.??"]
[EventType "tourn (corr)"]
[EventRounds "4"]
[SourceTitle "Corr 2008"]
[Source "ChessBase"]
[SourceDate "2008.06.24"]
[SourceVersion "1"]
[SourceVersionDate "2008.06.24"]
[SourceQuality "1"]

1. d4 d5 2. c4 Nf6 3. Nc3 e6 4. Nf3 h6 5. e3 Nc6 6. Bd3 Bd6 7. c5 Be7 8. a3 0-0 9. b4 Bd7 10. 0-0 a5 11. b5 Nb4 12. axb4 axb4 13. Rxa8 Qxa8 14. Ne2 Ne4 15. Ne5 Be8 16. Bxe4 dxe4 17. Nf4 Bxb5 18. Re1 b6 19. Qg4 f5 20. Qf3 exf3 0-1

[Event "IECC CL6-2001.35"]
[Site "IECC email"]
[Date "2001.12.05"]
[Round "?"]
[White "Harrell, Bruce B"]
[Black "Azzola, Orazio"]
[Result "1-0"]
[WhiteElo "1484"]
[BlackElo "1325"]
[PlyCount "89"]
[EventDate "2001.??.??"]
[EventType "tourn (corr)"]
[EventRounds "4"]
[SourceTitle "Corr 2008"]
[Source "ChessBase"]
[SourceDate "2008.06.24"]
[SourceVersion "1"]
[SourceVersionDate "2008.06.24"]
[SourceQuality "1"]

1. d4 d5 2. e3 Nf6 3. Bd3 Nc6 4. Nf3 Bg4 5. Nbd2 e5 6. dxe5 Nxe5 7. 0-0 Nxf3+ 8. Nxf3 Ne4 9. h3 Bh5 10. c3 Qf6 11. Be2 Bd6 12. Qb3 Bxf3 13. Bxf3 Qe5 14. Rd1 0-0-0 15. Qxd5 Qxd5 16. Rxd5 Rhe8 17. Rd4 f5 18. Bxe4 fxe4 19. Kf1 c5 20. Rd5 Kd7 21. c4 Ke6 22. Ke2 b6 23. Bd2 Be5 24. Rxd8 Rxd8 25. Rb1 a5 26. b3 h6 27. Rc1 g6 28. Bc3 Bxc3 29. Rxc3 Ke5 30. f3 Rd7 31. Rc2 Kf6 32. Rd2 Rxd2+ 33. Kxd2 exf3 34. gxf3 Kg5 35. f4+ Kh4 36. e4 a4 37. e5 axb3 38. axb3 g5 39. f5 g4 40. hxg4 Kg5 41. e6 Kf6 42. Ke3 Ke7 43. Kf4 Kd6 44. g5 hxg5+ 45. Kxg5 1-0

[Event "IECC O email"]
[Site "IECC email"]
[Date "2001.02.04"]
[Round "?"]
[White "Azzola, Orazio"]
[Black "Garcia, Sonny T"]
[Result "1-0"]
[WhiteElo "1266"]
[BlackElo "1218"]
[PlyCount "33"]
[EventDate "2001.??.??"]
[EventType "tourn (corr)"]
[EventRounds "6"]
[SourceTitle "Corr 2008"]
[Source "ChessBase"]
[SourceDate "2008.06.24"]
[SourceVersion "1"]
[SourceVersionDate "2008.06.24"]
[SourceQuality "1"]

1. d4 e6 2. e4 d5 3. exd5 exd5 4. Nf3 Bg4 5. Be2 Nc6 6. Bb5 Qe7+ 7. Be3 Nf6 8. 0-0 Qb4 9. Bxc6+ bxc6 10. b3 Be7 11. c3 Qb6 12. Bg5 0-0 13. Qd3 h6 14. Bh4 Rfe8 15. Ne5 Rad8 16. Bxf6 Be2 17. Qxe2 1-0